000 00694nam a22002177a 4500
999 _c16518
_d16518
003 AR-CdUCM
008 190503b ||||| |||| 00| 0 spa d
040 _aMUNICIPALIDAD PROVINCIAL DEL CUSCO
_cBIBLIOTECA MUNICIPAL DEL CUSCO
082 _a869.56 /
_bES93
100 _aEstremadoyro, J. M.
_936008
245 _aLurigancho /
260 _aLima :
_bLibreria editorial minerva-Miraflores,
_c1976.
300 _a263 paginas ;
_c22 cm.
500 _aCon dedicatoria del autor del libro
505 _aContenido: Todo acerca del penal de lurigancho
650 _aLurigancho
_936009
650 _aHistoria
_9136
650 _aLiteratura
_983
942 _2ddc
_cLIBROS
945 _apjha
_d2019-05-03